KOHA-Header-6

Understanding Islam (Record no. 1249)

000 -LEADER
fixed length control field 00289nam a2200121Ia 4500
008 - FIXED-LENGTH DATA ELEMENTS--GENERAL INFORMATION
fixed length control field 190723s9999 xx 000 0 und d
020 ## - INTERNATIONAL STANDARD BOOK NUMBER
International Standard Book Number 978-969-407-409-2
100 ## - MAIN ENTRY--PERSONAL NAME
Personal name Nazir Ahmad
245 #0 - TITLE STATEMENT
Title Understanding Islam
260 ## - PUBLICATION, DISTRIBUTION, ETC. (IMPRINT)
Place of publication, distribution, etc Karachi
Name of publisher, distributor, etc Royal Book
Date of publication, distribution, etc 2012
300 ## - PHYSICAL DESCRIPTION
Extent 352
942 ## - ADDED ENTRY ELEMENTS (KOHA)
Koha item type Books
Holdings
Withdrawn status Lost status Source of classification or shelving scheme Damaged status Not for loan Collection code Permanent Location Current Location Shelving location Date acquired Full call number Barcode Date last seen Price effective from Koha item type
          Islamic Studies MAJU MAJU   2019-07-23 347.54 7874 2022-06-10 2019-07-23 Islamic Studies

Powered by Koha